Mastering Alliance Strategy: (Record no. 4502)
[ view plain ]
| 000 -LEADER | |
|---|---|
| fixed length control field | 00539nam a22001457a 4500 |
| 008 - FIXED-LENGTH DATA ELEMENTS--GENERAL INFORMATION | |
| fixed length control field | 161108b xxu||||| |||| 00| 0 eng d |
| 020 ## - INTERNATIONAL STANDARD BOOK NUMBER | |
| International Standard Book Number | 0-7879-6462-X |
| 082 ## - DEWEY DECIMAL CLASSIFICATION NUMBER | |
| Classification number | 327.116 BAN |
| 100 ## - MAIN ENTRY--PERSONAL NAME | |
| Personal name | Bamford, James.- |
| 245 ## - TITLE STATEMENT | |
| Title | Mastering Alliance Strategy: |
| Remainder of title | A Comprehensive Guide to Design, Management, and Organization/ |
| Statement of responsibility, etc. | James D. Bamford, Benjamin Gomes-Casseres, Michael S. Robinson.- |
| Medium | English. |
| 260 ## - PUBLICATION, DISTRIBUTION, ETC. (IMPRINT) | |
| Place of publication, distribution, etc. | San Fransisco: |
| Name of publisher, distributor, etc. | Jossey-Bass, |
| Date of publication, distribution, etc. | 2003. |
| 300 ## - PHYSICAL DESCRIPTION | |
| Extent | 410p.; |
| Other physical details | ill.; |
| Dimensions | 24cm.- |
| 650 ## - SUBJECT ADDED ENTRY--TOPICAL TERM | |
| Source of heading or term | International relations |
| 942 ## - ADDED ENTRY ELEMENTS (KOHA) | |
| Source of classification or shelving scheme | |
| Koha item type | BOOKS |
No items available.